| 000 -LEADER |
| fixed length control field |
00826nam a2200265Ia 4500 |
| 001 - CONTROL NUMBER |
| control field |
22575 |
| 003 - CONTROL NUMBER IDENTIFIER |
| control field |
GE_BSU |
| 005 - DATE AND TIME OF LATEST TRANSACTION |
| control field |
20230330121610.0 |
| 008 - FIXED-LENGTH DATA ELEMENTS--GENERAL INFORMATION |
| fixed length control field |
181216s2015||||-ge|||||||||||||| ||ger|| |
| 020 ## - INTERNATIONAL STANDARD BOOK NUMBER |
| International Standard Book Number |
9783191119034 |
| 040 ## - CATALOGING SOURCE |
| Transcribing agency |
GE_BSU |
| 041 ## - LANGUAGE CODE |
| Language code of text/sound track or separate title |
ger |
| 080 ## - UNIVERSAL DECIMAL CLASSIFICATION NUMBER |
| Universal Decimal Classification number |
811.112.1 B-85 |
| 100 ## - MAIN ENTRY--PERSONAL NAME |
| Personal name |
Breitsamete, Anna |
| 9 (RLIN) |
17373 |
| 245 ## - TITLE STATEMENT |
| Title |
MENSCHEN B1: |
| Remainder of title |
Deutsch als Fremdsprache Arbeitsbuch/ |
| Statement of responsibility, etc. |
Anna Breitsameter, Sabine Glas-Peters, Angela Pude. |
| 264 ## - PRODUCTION, PUBLICATION, DISTRIBUTION, MANUFACTURE, AND COPYRIGHT NOTICE |
| Place of production, publication, distribution, manufacture |
Munchen : |
| Name of producer, publisher, distributor, manufacturer |
Hueber Verlag, |
| Date of production, publication, distribution, manufacture, or copyright notice |
2015. |
| 300 ## - PHYSICAL DESCRIPTION |
| Extent |
230 p. : |
| Other physical details |
ill ; |
| Dimensions |
29 cm. |
| Accompanying material |
+2CD. CD1.B1.1. CD2.B.1.2. |
| 653 ## - INDEX TERM--UNCONTROLLED |
| keyword |
MENSCHEN B1 |
| 653 ## - INDEX TERM--UNCONTROLLED |
| keyword |
Deutsch als Fremdsprache Arbeitsbuch |
| 653 ## - INDEX TERM--UNCONTROLLED |
| keyword |
გერმანული ენა |
| 700 ## - ADDED ENTRY--PERSONAL NAME |
| Personal name |
Glas-Peters, Sabine |
| Relator term |
by |
| 9 (RLIN) |
16347 |
| 700 ## - ADDED ENTRY--PERSONAL NAME |
| Personal name |
Pude, Angela |
| Relator term |
by |
| 9 (RLIN) |
17374 |
| 942 ## - ADDED ENTRY ELEMENTS (KOHA) |
| Koha item type |
წიგნი |
| Source of classification or shelving scheme |
|